000
00310nam a2200133Ia 4500
005
20251222155210.0
008
251222s9999||||xx |||||||||||||| ||spa||
082
_a
PED.29
100
_a
MACIAS PARRA Merc.
245
0
_a
Vacunas en PediatrĂa
250
_a
2da. ed.
264
_b
Interamericana
942
_c
LIB
999
_c
40255
_d
40255